000 00308nam a22001337a 4500
008 170824b xxu||||| |||| 00| 0 eng d
020 _a013110306
041 _aeng
080 _24 ED
_a51
100 _a38
101 _aMAT
245 _aCALCULUS AND ITS APPLICATION
_cGOLDSTEIN.L.J
942 _2udc
_cBK
999 _c24842
_d24842